000 10555nas1a22015011 4500
001 RU\NLR\INFOCOMM15\5000220071
005 20250807190221.0
011 _a0131-0097
035 _a(NLR Aleph) 003155496
090 _a1059
_c1059
100 _a20250807 rusy50
101 0 _arus
102 _aRU
110 _aacuzz 0|y|
200 1 _aОгонек
_eЕженед. ил. журн.
210 _aМ.
_cМосполиграф
_d1923-
421 0 _12001#$aКультура - промышленность - торговля
_1210##$aМ.$d1925
_1852##$aNLR$jП23/323
421 0 _12001#$aБиржевые ведомости$eНТР
_1210##$aМ.$d2002-
_1852##$aNLR$jП23/5415
517 1 _aОгонёкъ
517 1 _aОгонёк
712 0 2 _a"Издательство "Огонек", акционерное общество
_cМосква
_3RU\NLR\AUTH\889943414
_4570
712 0 2 _a"Журнал "Огонек", акционерное общество
_cМосква
_3RU\NLR\AUTH\889996063
_4570
801 2 _aRU
_bNLR
_c20060927
_2rusmarc
801 1 _aRU
_bInfoComm
_c20041116
801 0 _aRU
_bNLR
_gPSBO
852 _aNLR
_jП2/20
852 _aNLR
_jМБР-IV-69
_yтакже 1979, 1981, 1986
942 _cJOURNAL
945 _aРоссийская национальная библиотека
980 _aNB
980 _aBV
980 _aRUSPER